000
00321nam a22001337a 4500
008
181107b xxu||||| |||| 00| 0 eng d
020
_a
007042182
041
_a
eng
080
_a
101
100
_a
21
101
_a
FIL
245
_a
Questions That Matter An Invitation To Philosophy
_c
Miller.e.d
942
_2
udc
_c
BK
999
_c
52198
_d
52198